[Event "Titled Tuesday intern op 12th May"]
[Site "Chess.com INT"]
[Date "2020.05.12"]
[Round "1"]
[White "Smirnov, Alexandr A"]
[Black "Biyiasas, Peter"]
[Result "1/2-1/2"]
[WhiteElo "2136"]
[BlackElo "2450"]
[PlyCount "71"]
[EventDate "2020.05.12"]
[EventType "swiss (blitz)"]
[EventRounds "10"]
[EventCountry "USA"]
[SourceTitle "EXT 2021"]
[Source "ChessBase"]
[SourceDate "2020.10.23"]
[SourceVersion "1"]
[SourceVersionDate "2020.10.23"]
[SourceQuality "1"]

1. e4 e5 2. Nf3 Nc6 3. Bb5 a6 4. Ba4 Nf6 5. 0-0 Nxe4 6. Re1 Nc5 7. Nxe5 Be7 8. Bb3 Nxb3 9. axb3 0-0 10. Nxc6 dxc6 11. d4 Bd6 12. Nd2 Bf5 13. Nf1 Re8 14. Be3 Qd7 15. Qd2 Bg6 16. b4 Qf5 17. c3 h6 18. Ng3 Qd3 19. Qxd3 Bxd3 20. Bd2 f5 21. Rxe8+ Rxe8 22. Re1 Rxe1+ 23. Bxe1 f4 24. Nf1 Kf7 25. f3 Ke6 26. Nd2 Kd5 27. g3 g5 28. h4 fxg3 29. hxg5 hxg5 30. Kg2 Bf4 31. Nb3 b6 32. Bxg3 Kc4 33. Bxf4 Kxb3 34. Bxc7 Kxb2 35. Bxb6 Kxc3 36. Bc5 1/2-1/2

[Event "Titled Tuesday intern op 28th Apr"]
[Site "Chess.com INT"]
[Date "2020.04.28"]
[Round "2"]
[White "Biyiasas, Peter"]
[Black "Haring, Filip"]
[Result "1-0"]
[WhiteElo "2450"]
[BlackElo "2306"]
[PlyCount "103"]
[EventDate "2020.04.28"]
[EventType "swiss (blitz)"]
[EventRounds "10"]
[EventCountry "USA"]
[SourceTitle "EXT 2021"]
[Source "ChessBase"]
[SourceDate "2020.10.23"]
[SourceVersion "1"]
[SourceVersionDate "2020.10.23"]
[SourceQuality "1"]

1. e4 c5 2. Nf3 Nc6 3. d4 cxd4 4. Nxd4 e5 5. Nb5 d6 6. N1c3 a6 7. Na3 b5 8. Nd5 Nce7 9. c4 Nxd5 10. exd5 bxc4 11. Nxc4 Nf6 12. Be3 Rb8 13. Be2 Be7 14. 0-0 0-0 15. b3 Rb5 16. Qc2 Nxd5 17. Rfd1 Be6 18. Bf3 Nxe3 19. Nxe3 Bg5 20. Nd5 f5 21. Qc6 e4 22. Nc7 Bf7 23. Nxb5 exf3 24. Nxd6 Qf6 25. Qxf3 Be6 26. Nc4 f4 27. h3 Bf7 28. Rac1 Bh6 29. Rd6 Qe7 30. Rxh6 gxh6 31. Qxf4 Bg6 32. Qd4 Qg5 33. Qe3 Rf4 34. g3 Rf8 35. Qxg5 hxg5 36. Ne5 Be4 37. f3 Bxf3 38. Rf1 Bd5 39. Rxf8+ Kxf8 40. Kf2 Ke7 41. Ke3 Kd6 42. Kd4 Be6 43. h4 gxh4 44. gxh4 h5 45. Nc4+ Ke7 46. b4 Bf7 47. a4 Be8 48. a5 Bb5 49. Na3 Be2 50. Ke5 Kd7 51. Nc2 Kc6 52. Nd4+ 1-0

[Event "Titled Tuesday intern op 28th Apr"]
[Site "Chess.com INT"]
[Date "2020.04.28"]
[Round "3"]
[White "Biyiasas, Peter"]
[Black "Kunin, Vitaly L"]
[Result "1/2-1/2"]
[WhiteElo "2450"]
[BlackElo "2566"]
[PlyCount "41"]
[EventDate "2020.04.28"]
[EventType "swiss (blitz)"]
[EventRounds "10"]
[EventCountry "USA"]
[SourceTitle "EXT 2021"]
[Source "ChessBase"]
[SourceDate "2020.10.23"]
[SourceVersion "1"]
[SourceVersionDate "2020.10.23"]
[SourceQuality "1"]

1. e4 c5 2. Nf3 Nc6 3. d4 cxd4 4. Nxd4 e5 5. Nb5 a6 6. Nd6+ Bxd6 7. Qxd6 Qe7 8. Qxe7+ Ngxe7 9. Nc3 d5 10. exd5 Nb4 11. Bd3 Nxd3+ 12. cxd3 Bf5 13. 0-0 0-0-0 14. f4 Bxd3 15. Re1 Nxd5 16. Nxd5 Rxd5 17. fxe5 Kd7 18. Bf4 Rc8 19. Rac1 Rc2 20. Rxc2 Bxc2 21. Rc1 1/2-1/2

[Event "Titled Tuesday intern op 28th Apr"]
[Site "Chess.com INT"]
[Date "2020.04.28"]
[Round "4"]
[White "Liang, Jason"]
[Black "Biyiasas, Peter"]
[Result "1/2-1/2"]
[WhiteElo "2340"]
[BlackElo "2450"]
[PlyCount "138"]
[EventDate "2020.04.28"]
[EventType "swiss (blitz)"]
[EventRounds "10"]
[EventCountry "USA"]
[SourceTitle "EXT 2021"]
[Source "ChessBase"]
[SourceDate "2020.10.23"]
[SourceVersion "1"]
[SourceVersionDate "2020.10.23"]
[SourceQuality "1"]

1. e4 e5 2. Nf3 Nc6 3. Bb5 a6 4. Ba4 Nf6 5. d3 d6 6. 0-0 g6 7. c4 Bg7 8. Nc3 0-0 9. h3 Nd7 10. Bg5 f6 11. Be3 Nc5 12. Bxc6 bxc6 13. d4 exd4 14. Nxd4 Bd7 15. Qc2 a5 16. Rad1 Qe7 17. Rfe1 Rab8 18. Nde2 Ne6 19. Rd2 Qf7 20. Red1 f5 21. exf5 Qxf5 22. Qxf5 Rxf5 23. b3 Rbf8 24. Ne4 c5 25. N2g3 R5f7 26. Nxc5 Nxc5 27. Bxc5 dxc5 28. Rxd7 Rxf2 29. Ne4 Rxa2 30. Rxc7 Bd4+ 31. Kh1 Rf5 32. Rc8+ Kg7 33. Rc7+ Kh6 34. g4 Re5 35. g5+ Rxg5 36. Nxg5 Kxg5 37. Rxh7 Rb2 38. Ra7 Rxb3 39. Rxa5 Rxh3+ 40. Kg2 Rh4 41. Rd3 Rg4+ 42. Rg3 Rxg3+ 43. Kxg3 Kf5 44. Kf3 g5 45. Ra8 g4+ 46. Kg3 Ke4 47. Kxg4 Kd3 48. Ra4 Bc3 49. Kf5 Bb4 50. Ke5 Kxc4 51. Ke4 Kb3 52. Ra8 c4 53. Rc8 c3 54. Kd3 Kb2 55. Rb8 Kb3 56. Rc8 Kb2 57. Rc6 Kb3 58. Rc4 Ka4 59. Kc2 Kb5 60. Kb3 Ba5 61. Rh4 Kc5 62. Rh5+ Kb6 63. Ka4 c2 64. Rh6+ Kb7 65. Rh7+ Kb6 66. Rh6+ Kb7 67. Rh1 Bd2 68. Kb3 c1Q 69. Rxc1 Bxc1 1/2-1/2

[Event "Titled Tuesday intern op 28th Apr"]
[Site "Chess.com INT"]
[Date "2020.04.28"]
[Round "1"]
[White "Osmak, Iulija"]
[Black "Biyiasas, Peter"]
[Result "0-1"]
[WhiteElo "2438"]
[BlackElo "2450"]
[PlyCount "136"]
[EventDate "2020.04.28"]
[EventType "swiss (blitz)"]
[EventRounds "10"]
[EventCountry "USA"]
[SourceTitle "EXT 2021"]
[Source "ChessBase"]
[SourceDate "2020.10.23"]
[SourceVersion "1"]
[SourceVersionDate "2020.10.23"]
[SourceQuality "1"]

1. d4 Nf6 2. c4 g6 3. Nc3 Bg7 4. e4 0-0 5. Be2 d6 6. Be3 c5 7. d5 e6 8. Nf3 exd5 9. cxd5 Re8 10. Nd2 a6 11. a4 Nbd7 12. 0-0 Qc7 13. Qc2 Ne5 14. h3 c4 15. f4 Nd3 16. Bxd3 cxd3 17. Qxd3 Bd7 18. Bd4 Nh5 19. Bxg7 Nxg7 20. Qd4 f5 21. Rae1 Rac8 22. e5 Qc5 23. Qxc5 Rxc5 24. e6 Bc8 25. Rc1 Nh5 26. b4 Rc7 27. Ne2 Rxc1 28. Rxc1 Nf6 29. Nc3 Nh5 30. Nc4 Bxe6 31. dxe6 Rxe6 32. Nd5 Kg7 33. Kf2 Re4 34. g3 Rd4 35. Nde3 d5 36. Ne5 Rxb4 37. Rc7+ Kf8 38. Nxd5 Rb2+ 39. Kf3 Rb3+ 40. Rc3 Rxc3+ 41. Nxc3 Ke7 42. a5 Kd6 43. Na4 Nf6 44. Nc3 Kc5 45. Ne2 Kb4 46. Nd4 Kxa5 47. g4 fxg4+ 48. hxg4 Kb4 49. g5 Nd5 50. Ke4 Ne7 51. f5 gxf5+ 52. Nxf5 Nxf5 53. Kxf5 a5 54. Kf6 a4 55. Nd3+ Kc3 56. Nc1 b5 57. Kg7 b4 58. Kxh7 b3 59. g6 b2 60. Ne2+ Kc4 61. g7 b1Q+ 62. Kh8 Qh1+ 63. Kg8 a3 64. Kf8 Qa8+ 65. Kf7 Qb7+ 66. Kf8 Qxg7+ 67. Kxg7 a2 68. Nc1 a1Q+ 0-1

[Event "Titled Tuesday intern op 7th April"]
[Site "Chess.com INT"]
[Date "2020.04.07"]
[Round "5"]
[White "Biyiasas, Peter"]
[Black "Mareco, Sandro"]
[Result "0-1"]
[WhiteElo "2450"]
[BlackElo "2629"]
[PlyCount "84"]
[EventDate "2020.04.07"]
[EventType "swiss (blitz)"]
[EventRounds "10"]
[EventCountry "USA"]
[SourceTitle "EXT 2021"]
[Source "ChessBase"]
[SourceDate "2020.10.23"]
[SourceVersion "1"]
[SourceVersionDate "2020.10.23"]
[SourceQuality "1"]

1. e4 e5 2. Nf3 Nc6 3. d4 exd4 4. Bc4 Nf6 5. e5 d5 6. Bb5 Nd7 7. 0-0 Be7 8. Bxc6 bxc6 9. Nxd4 Nb8 10. c4 0-0 11. Nc3 c5 12. Nb3 Ba6 13. Qxd5 c6 14. Qe4 Nd7 15. Be3 Qc7 16. Bf4 Nb6 17. Na5 Rac8 18. Rad1 Nd5 19. cxd5 Qxa5 20. d6 Bd8 21. Rfe1 Rb8 22. e6 Rb4 23. exf7+ Rxf7 24. Qe8+ Rf8 25. Qe6+ Kh8 26. Be5 Bc4 27. Qd7 Bf7 28. Ne4 Qxa2 29. Bc3 Rb5 30. Nxc5 Rxc5 31. Qg4 Rxc3 32. bxc3 Bb3 33. Qd4 Bxd1 34. Rxd1 Bb6 35. Qd2 Bxf2+ 36. Kh1 Qxd2 37. Rxd2 Bb6 38. d7 Kg8 39. g3 Rd8 40. Kg2 Kf7 41. Kf3 Ke7 42. Ke4 Rxd7 0-1

[Event "Titled Tuesday intern op 7th April"]
[Site "Chess.com INT"]
[Date "2020.04.07"]
[Round "3"]
[White "Biyiasas, Peter"]
[Black "Milanovic, Danilo"]
[Result "1/2-1/2"]
[WhiteElo "2450"]
[BlackElo "2455"]
[PlyCount "97"]
[EventDate "2020.04.07"]
[EventType "swiss (blitz)"]
[EventRounds "10"]
[EventCountry "USA"]
[SourceTitle "EXT 2021"]
[Source "ChessBase"]
[SourceDate "2020.10.23"]
[SourceVersion "1"]
[SourceVersionDate "2020.10.23"]
[SourceQuality "1"]

1. e4 d5 2. d3 dxe4 3. dxe4 Qxd1+ 4. Kxd1 e5 5. Be3 Be6 6. Nd2 Nd7 7. Bc4 Bxc4 8. Nxc4 f6 9. c3 Bc5 10. Kc2 Ne7 11. Ne2 Bxe3 12. Nxe3 Nc5 13. f3 0-0-0 14. Rhd1 h5 15. b4 Ne6 16. h4 g6 17. g3 c6 18. a4 Kc7 19. a5 Rxd1 20. Rxd1 Rd8 21. Rxd8 Kxd8 22. Nc4 Kc7 23. Nc1 b5 24. axb6+ axb6 25. Nd3 b5 26. Ne3 Kd6 27. f4 exf4 28. gxf4 Ng7 29. c4 f5 30. e5+ Kc7 31. Nc5 bxc4 32. Nxc4 Nd5 33. e6 Nxf4 34. Ne5 Ngxe6 35. Nxe6+ Nxe6 36. Nxg6 Kd6 37. Kd3 c5 38. bxc5+ Nxc5+ 39. Ke3 Ne6 40. Kf3 Kd7 41. Kg3 Ke8 42. Nf4 Ng7 43. Kf3 Kf7 44. Ke3 Kf6 45. Kf3 Ke5 46. Ng6+ Kf6 47. Nf4 Ke5 48. Ng6+ Kf6 49. Nf4 1/2-1/2

[Event "Titled Tuesday intern op 2nd July"]
[Site "Chess.com INT"]
[Date "2019.07.02"]
[Round "9"]
[White "Johannesson, Ingvar Thor"]
[Black "Biyiasas, Peter"]
[Result "0-1"]
[WhiteElo "2346"]
[BlackElo "2450"]
[PlyCount "60"]
[EventDate "2019.07.02"]
[EventType "swiss (blitz)"]
[EventRounds "10"]
[EventCountry "USA"]
[SourceTitle "EXT 2021"]
[Source "ChessBase"]
[SourceDate "2020.10.23"]
[SourceVersion "1"]
[SourceVersionDate "2020.10.23"]
[SourceQuality "1"]

1. c4 e6 2. Nf3 Nf6 3. g3 d5 4. Bg2 dxc4 5. 0-0 Nbd7 6. Na3 Bxa3 7. bxa3 0-0 8. Bb2 c5 9. Qc2 b5 10. Ne5 Nd5 11. Nc6 Qb6 12. Ne7+ Nxe7 13. Bxa8 Nd5 14. d3 cxd3 15. Qxd3 c4 16. Qd4 Qxd4 17. Bxd4 a6 18. a4 N7b6 19. Bc6 Nxa4 20. Bxd5 exd5 21. a3 Re8 22. Ra2 Bd7 23. f3 f6 24. Kf2 Kf7 25. Rb1 a5 26. Rd2 Rb8 27. Ba7 Rb7 28. Be3 b4 29. Rxd5 Nc3 30. axb4 Nxd5 0-1

[Event "Titled Tuesday intern op 2nd July"]
[Site "Chess.com INT"]
[Date "2019.07.02"]
[Round "7"]
[White "Wagner, Dennis"]
[Black "Biyiasas, Peter"]
[Result "1-0"]
[WhiteElo "2579"]
[BlackElo "2450"]
[PlyCount "79"]
[EventDate "2019.07.02"]
[EventType "swiss (blitz)"]
[EventRounds "10"]
[EventCountry "USA"]
[SourceTitle "EXT 2021"]
[Source "ChessBase"]
[SourceDate "2020.10.23"]
[SourceVersion "1"]
[SourceVersionDate "2020.10.23"]
[SourceQuality "1"]

1. Nf3 Nf6 2. g3 g6 3. Bg2 Bg7 4. 0-0 0-0 5. d4 d6 6. b3 a5 7. Nc3 c6 8. e4 Bg4 9. Be3 Nbd7 10. h3 Bxf3 11. Qxf3 e5 12. Rad1 Qe7 13. Rfe1 Nh5 14. d5 Nhf6 15. dxc6 bxc6 16. Na4 d5 17. Bg5 h6 18. Bxf6 Nxf6 19. exd5 e4 20. d6 Qe5 21. Qc3 Qb5 22. Qc4 Rfe8 23. Qf1 Rad8 24. c4 Qb4 25. c5 Nd7 26. Rc1 Re5 27. Rc4 Qa3 28. Rexe4 Qxa2 29. Rxe5 Nxe5 30. Rc3 Rb8 31. Nb6 Rd8 32. Re3 Qa3 33. Qe2 Qxc5 34. Nc4 Nxc4 35. Re8+ Rxe8 36. Qxe8+ Kh7 37. d7 Nd2 38. d8Q Qc1+ 39. Kh2 Nf1+ 40. Bxf1 1-0

[Event "Titled Tuesday intern op 1st Jan"]
[Site "Chess.com INT"]
[Date "2019.01.01"]
[Round "5"]
[White "Oganian, Miran"]
[Black "Biyiasas, Peter"]
[Result "0-1"]
[WhiteElo "2423"]
[BlackElo "2450"]
[PlyCount "42"]
[EventDate "2019.01.01"]
[EventType "swiss (blitz)"]
[EventRounds "10"]
[EventCountry "USA"]
[SourceTitle "EXT 2021"]
[Source "ChessBase"]
[SourceDate "2020.10.23"]
[SourceVersion "1"]
[SourceVersionDate "2020.10.23"]
[SourceQuality "1"]

1. d4 Nf6 2. c4 g6 3. Nc3 Bg7 4. e4 0-0 5. Nf3 d6 6. Be2 e5 7. Be3 c6 8. 0-0 exd4 9. Nxd4 Re8 10. Qc2 Qe7 11. Bf3 Nbd7 12. Rfe1 Ne5 13. Be2 Neg4 14. Bf4 Nxf2 15. Kxf2 Nxe4+ 16. Qxe4 Qh4+ 17. Bg3 Bxd4+ 18. Kf1 Rxe4 19. Bxh4 Rxh4 20. Bf3 Be6 21. Rad1 Bxc4+ 0-1

[Event "Titled Tuesday intern op 17th April"]
[Site "Chess.com INT"]
[Date "2018.04.17"]
[Round "6"]
[White "Biyiasas, Peter"]
[Black "Brynell, Stellan"]
[Result "0-1"]
[WhiteElo "2450"]
[BlackElo "2423"]
[PlyCount "160"]
[EventDate "2018.04.17"]
[EventType "swiss (blitz)"]
[EventRounds "10"]
[EventCountry "USA"]
[SourceTitle "EXT 2021"]
[Source "ChessBase"]
[SourceDate "2020.10.23"]
[SourceVersion "1"]
[SourceVersionDate "2020.10.23"]
[SourceQuality "1"]

1. e4 e6 2. d4 d5 3. exd5 exd5 4. Nf3 Bg4 5. h3 Bh5 6. Qe2+ Be7 7. Qb5+ Nd7 8. Qxd5 Ngf6 9. Qb3 0-0 10. Be2 c5 11. 0-0 cxd4 12. Nxd4 Nc5 13. Qc4 Bg6 14. Nb3 Rc8 15. c3 Nce4 16. Qd4 Qc7 17. Qe3 Rfe8 18. Bb5 Red8 19. N1d2 a6 20. Nxe4 Nxe4 21. Be2 Re8 22. Qf3 Bd6 23. Bd3 Rcd8 24. Nd4 Bc5 25. Bf4 Qb6 26. Rae1 Nf6 27. Bxg6 hxg6 28. Nb3 Bf8 29. Rxe8 Rxe8 30. Be3 Qb5 31. Rd1 Qa4 32. Ra1 Qc4 33. Nd2 Qd3 34. Bg5 Qc2 35. b3 Bc5 36. Rf1 Qxa2 37. b4 Bf8 38. Bxf6 Qxd2 39. Bd4 b5 40. Qc6 Re1 41. Rxe1 Qxe1+ 42. Kh2 Qe6 43. Qxe6 fxe6 44. Kg3 Bd6+ 45. Kf3 Kf7 46. Ke4 g5 47. Be5 Be7 48. Kd3 g6 49. Ke4 Ke8 50. Bd4 Kd7 51. Be3 Bf6 52. Bd4 Be7 53. Kf3 Kd6 54. Kg4 Kd5 55. f4 gxf4 56. Kxf4 Bxb4 57. Bh8 Be7 58. g4 a5 59. Ke3 b4 60. cxb4 axb4 61. Kd3 e5 62. Bg7 e4+ 63. Kc2 Kc4 64. Bh6 Bc5 65. h4 b3+ 66. Kb1 e3 67. h5 gxh5 68. gxh5 e2 69. Bd2 Be3 70. Be1 Bd4 71. Kc1 Kd3 72. Kb1 Bc3 73. Bh4 e1Q+ 74. Bxe1 Bxe1 75. h6 Bc3 76. h7 Bh8 77. Kc1 Kc3 78. Kb1 b2 79. Ka2 Kc2 80. Ka3 b1Q 0-1

[Event "Titled Tuesday intern op 6th June"]
[Site "Chess.com INT"]
[Date "2017.06.06"]
[Round "9"]
[White "Biyiasas, Peter"]
[Black "Vysochin, Spartak"]
[Result "0-1"]
[WhiteElo "2450"]
[BlackElo "2531"]
[PlyCount "128"]
[EventDate "2017.06.06"]
[EventType "swiss (blitz)"]
[EventRounds "10"]
[EventCountry "USA"]
[SourceTitle "EXT 2021"]
[Source "ChessBase"]
[SourceDate "2020.10.23"]
[SourceVersion "1"]
[SourceVersionDate "2020.10.23"]
[SourceQuality "1"]

1. e4 e6 2. d4 d5 3. exd5 exd5 4. Nf3 Nf6 5. Bg5 Be7 6. Bd3 h6 7. Bh4 Nh5 8. Bxe7 Qxe7+ 9. Ne5 Nf4 10. 0-0 Nxd3 11. Qxd3 0-0 12. Nd2 c6 13. Rae1 Qc7 14. Qg3 Bf5 15. c4 f6 16. Ng6 Qxg3 17. Ne7+ Kh7 18. fxg3 Bd3 19. Rf3 dxc4 20. b3 b5 21. bxc4 bxc4 22. Ne4 Nd7 23. Nd6 c5 24. d5 Ne5 25. Rfe3 Rad8 26. Nb5 Rd7 27. Nc6 Rxd5 28. Nc3 Rd6 29. Nxe5 fxe5 30. Rxe5 Rdf6 31. h3 Rf2 32. Re8 Rxe8 33. Kxf2 Rb8 34. Na4 Rb5 35. Re5 Ra5 36. Nxc5 Rxa2+ 37. Ke3 Rxg2 38. Kf4 Rf2+ 39. Ke3 Re2+ 40. Kd4 Rxe5 41. Kxe5 Bf1 42. Kd4 Bxh3 43. Kxc4 Kg6 44. Kd4 Kg5 45. Ke3 Bc8 46. Kf2 Kf5 47. Ke3 a5 48. Kf3 Ke5 49. Ke3 Kd5 50. Nd3 a4 51. Nf4+ Kc4 52. Kd2 Kb3 53. Kc1 Bf5 54. Ne2 Be4 55. Nd4+ Kc3 56. Nb5+ Kd3 57. Nd6 Ke3 58. Kb2 Kf3 59. g4 Bg6 60. Nc4 Kxg4 61. Ne5+ Kf5 62. Nf3 h5 63. Ka3 Be8 64. Nd4+ Kg4 0-1

[Event "Titled Tuesday intern op 2nd May"]
[Site "Chess.com INT"]
[Date "2017.05.02"]
[Round "3"]
[White "Biyiasas, Peter"]
[Black "Albertini, Luca"]
[Result "1-0"]
[WhiteElo "2450"]
[BlackElo "2188"]
[PlyCount "115"]
[EventDate "2017.05.02"]
[EventType "swiss (blitz)"]
[EventRounds "10"]
[EventCountry "USA"]
[SourceTitle "EXT 2021"]
[Source "ChessBase"]
[SourceDate "2020.10.23"]
[SourceVersion "1"]
[SourceVersionDate "2020.10.23"]
[SourceQuality "1"]

1. e4 e5 2. Nf3 Nc6 3. d4 exd4 4. Bc4 Bd6 5. Nxd4 Nf6 6. Nc3 0-0 7. 0-0 Nxd4 8. Qxd4 Re8 9. f3 b6 10. Be3 Bc5 11. Qd2 Bxe3+ 12. Qxe3 Bb7 13. Qd4 d6 14. Rad1 Qe7 15. Rfe1 a5 16. Bb5 Nd7 17. Qf2 Rf8 18. e5 d5 19. Nxd5 Bxd5 20. Rxd5 Nc5 21. Bc4 Ne6 22. g3 Qb4 23. Bb3 Ng5 24. Kg2 a4 25. c3 Qe7 26. Bc2 Nh3 27. Qd2 Ng5 28. Bf5 g6 29. Rd7 Nxf3 30. Kxf3 Qc5 31. Rd5 Qc6 32. Be4 a3 33. b3 Rae8 34. c4 f5 35. Bc2 Qb7 36. Kf2 Re7 37. e6 Rfe8 38. Qf4 Rxe6 39. Rxe6 Rxe6 40. Rd8+ Kf7 41. Rd7+ Re7 42. Rxe7+ Kxe7 43. Qf3 Qc8 44. Qe3+ Kf7 45. Bd1 c6 46. Bf3 Qc7 47. Qf4 Qd7 48. Qe3 Qc7 49. c5 bxc5 50. Qxc5 Kg7 51. Qd4+ Kf7 52. Qc4+ Kg7 53. Qxc6 Qa7+ 54. Kg2 Qe3 55. Qd7+ Kh6 56. Qd8 Qe1 57. Qf8+ Kg5 58. h4# 1-0

[Event "Titled Tuesday intern op 2nd May"]
[Site "Chess.com INT"]
[Date "2017.05.02"]
[Round "7"]
[White "Biyiasas, Peter"]
[Black "Jolly, Jean Francois"]
[Result "0-1"]
[WhiteElo "2450"]
[BlackElo "2393"]
[PlyCount "178"]
[EventDate "2017.05.02"]
[EventType "swiss (blitz)"]
[EventRounds "10"]
[EventCountry "USA"]
[SourceTitle "EXT 2021"]
[Source "ChessBase"]
[SourceDate "2020.10.23"]
[SourceVersion "1"]
[SourceVersionDate "2020.10.23"]
[SourceQuality "1"]

1. Nf3 d5 2. g3 g6 3. Bg2 Bg7 4. 0-0 e5 5. c4 dxc4 6. Na3 Nc6 7. Nxc4 Nge7 8. d3 0-0 9. Bd2 Be6 10. Rc1 Qd7 11. Ng5 Bd5 12. Ne4 b6 13. Ne3 Be6 14. Ng5 Rac8 15. Nxe6 Qxe6 16. a3 Nd4 17. Nc4 c5 18. e3 Ndc6 19. Qe2 Rfd8 20. Bc3 Nd5 21. Rfd1 Nxc3 22. bxc3 b5 23. Nd2 Qa2 24. d4 exd4 25. cxd4 c4 26. Ra1 Qc2 27. Rdc1 Qa4 28. Ne4 Ne7 29. Ra2 Qa6 30. Nc5 Qb6 31. a4 a6 32. Rb1 Rxc5 33. dxc5 Qxc5 34. axb5 axb5 35. Ra5 Rb8 36. Qc2 Nc6 37. Bxc6 Qxc6 38. Ra7 b4 39. Qa4 Qxa4 40. Rxa4 Bf8 41. Kf1 c3 42. Ke2 c2 43. Rc1 b3 44. Rc4 b2 45. R4xc2 bxc1Q 46. Rxc1 h5 47. h4 Rb2+ 48. Kf3 Bb4 49. Rd1 Kg7 50. Kg2 Kf6 51. Kf3 Ke5 52. Rc1 Kd5 53. Rd1+ Bd2 54. Ra1 Ke6 55. Ra6+ Ke7 56. Ra7+ Kf8 57. Ra8+ Kg7 58. Ra1 Bc3 59. Rd1 Bf6 60. Rc1 Ra2 61. Rd1 Ra1 62. Rd7 Bc3 63. Rd3 Ba5 64. Rd5 Kf6 65. Rb5 Ke6 66. Rc5 Kd6 67. Rb5 Kc6 68. Rb2 Bb6 69. Rc2+ Kd6 70. Rb2 Bc7 71. Rb7 Ra5 72. Rb3 Rf5+ 73. Kg2 Kd5 74. Rb1 Ke4 75. Rb4+ Kd3 76. Rd4+ Ke2 77. f4 Bb6 78. Re4 Bxe3 79. Re7 Rf6 80. Re8 Rd6 81. Re7 f5 82. Re8 Rd1 83. Ra8 Rg1+ 84. Kh2 Kf3 85. Ra3 Rxg3 86. Ra2 Rg4 87. Kh1 Rxh4+ 88. Rh2 Rxh2+ 89. Kxh2 Bxf4+ 0-1

[Event "Titled Tuesday intern op 2nd May"]
[Site "Chess.com INT"]
[Date "2017.05.02"]
[Round "5"]
[White "Biyiasas, Peter"]
[Black "Migot, Tangi"]
[Result "0-1"]
[WhiteElo "2450"]
[BlackElo "2360"]
[PlyCount "128"]
[EventDate "2017.05.02"]
[EventType "swiss (blitz)"]
[EventRounds "10"]
[EventCountry "USA"]
[SourceTitle "EXT 2021"]
[Source "ChessBase"]
[SourceDate "2020.10.23"]
[SourceVersion "1"]
[SourceVersionDate "2020.10.23"]
[SourceQuality "1"]

1. e4 c5 2. Nf3 e6 3. d4 cxd4 4. Nxd4 Nc6 5. Nc3 Qc7 6. g3 a6 7. Bg2 Nf6 8. 0-0 Nxd4 9. Qxd4 Bc5 10. Bf4 d6 11. Qd2 h6 12. Rad1 e5 13. Be3 Be6 14. Bxc5 dxc5 15. f4 0-0 16. Nd5 Bxd5 17. exd5 Qd6 18. fxe5 Qxe5 19. c4 Qd6 20. Qf4 Rfd8 21. Qxd6 Rxd6 22. b4 b6 23. bxc5 bxc5 24. Rb1 Nd7 25. Rfe1 Kf8 26. Bf1 Re8 27. Rxe8+ Kxe8 28. Rb7 Rb6 29. Ra7 Ne5 30. Rc7 Rb2 31. Bg2 Nxc4 32. Rxc5 Ne3 33. Bf3 Rxa2 34. d6 Kd7 35. Rc7+ Kxd6 36. Rxf7 g5 37. h3 Ke5 38. Rh7 Nf5 39. Bg4 Nxg3 40. Rxh6 Ne4 41. Bf3 Kf4 42. Bg4 a5 43. Kf1 a4 44. Be6 Rb2 45. Rh8 Ng3+ 46. Kg1 Ne2+ 47. Kf1 Nd4 48. Bd5 Ke5 49. Bc4 Rc2 50. Bf7 a3 51. Ra8 Rc3 52. Kg2 Kf4 53. Ra4 Ke3 54. Kg3 Nf5+ 55. Kg2 Nd6 56. Bg8 Ne4 57. Kf1 Kf3 58. Kg1 Rc1+ 59. Kh2 Rc2+ 60. Kg1 Rg2+ 61. Kf1 Rf2+ 62. Ke1 Re2+ 63. Kd1 Nc3+ 64. Kc1 Nxa4 0-1

[Event "Titled Tuesday intern Qual4 25th April"]
[Site "Chess.com INT"]
[Date "2017.04.25"]
[Round "9"]
[White "Biyiasas, Peter"]
[Black "Stromboli, Ettore"]
[Result "0-1"]
[WhiteElo "2450"]
[BlackElo "2306"]
[PlyCount "104"]
[EventDate "2017.04.25"]
[EventType "swiss (blitz)"]
[EventRounds "10"]
[EventCountry "USA"]
[SourceTitle "EXT 2021"]
[Source "ChessBase"]
[SourceDate "2020.10.23"]
[SourceVersion "1"]
[SourceVersionDate "2020.10.23"]
[SourceQuality "1"]

1. e4 e6 2. d4 d5 3. exd5 exd5 4. Nf3 Bd6 5. c4 c6 6. Nc3 Ne7 7. Bg5 Be6 8. cxd5 cxd5 9. Bb5+ Nbc6 10. 0-0 0-0 11. Re1 Qb6 12. h3 Nf5 13. Bxc6 bxc6 14. g4 Ne7 15. Na4 Qa5 16. b3 Ng6 17. Rc1 Rac8 18. Qd2 Bb4 19. Nc3 c5 20. Be3 c4 21. a3 Qxa3 22. Ra1 Qxb3 23. Rec1 a5 24. Rab1 Qa3 25. Ra1 Bxc3 26. Rxa3 Bxd2 27. Bxd2 Ra8 28. Rxa5 Rxa5 29. Bxa5 Nf4 30. Kh2 Nd3 31. Rc2 Ra8 32. Bc3 f6 33. Kg3 Ra3 34. Ng1 Nb4 35. Rc1 Na2 36. Ra1 Rxc3+ 37. f3 Rc2 38. h4 g5 39. Nh3 h6 40. Re1 Kf7 41. Rb1 c3 42. Rb7+ Ke8 43. Rb6 Ke7 44. Rb7+ Bd7 45. f4 gxh4+ 46. Kxh4 Rb2 47. Rc7 c2 48. f5 c1Q 49. Rxc1 Nxc1 50. Nf4 Ne2 51. Nxd5+ Kf7 52. Kh5 Nxd4 0-1

[Event "Titled Tuesday intern Qual3 18th April"]
[Site "Chess.com INT"]
[Date "2017.04.18"]
[Round "5"]
[White "Albertini, Luca"]
[Black "Biyiasas, Peter"]
[Result "1-0"]
[WhiteElo "2198"]
[BlackElo "2450"]
[PlyCount "117"]
[EventDate "2017.04.18"]
[EventType "swiss (blitz)"]
[EventRounds "10"]
[EventCountry "USA"]
[SourceTitle "EXT 2021"]
[Source "ChessBase"]
[SourceDate "2020.10.23"]
[SourceVersion "1"]
[SourceVersionDate "2020.10.23"]
[SourceQuality "1"]

1. e4 c5 2. Nf3 d6 3. Bb5+ Bd7 4. Bxd7+ Nxd7 5. d4 cxd4 6. Qxd4 Ngf6 7. 0-0 e6 8. Bg5 Be7 9. c4 0-0 10. Nc3 a6 11. Rfd1 Rc8 12. b3 Qa5 13. Rac1 b5 14. cxb5 axb5 15. a4 bxa4 16. Nxa4 Rb8 17. Bxf6 Nxf6 18. e5 dxe5 19. Nxe5 Rbd8 20. Qb2 Rxd1+ 21. Rxd1 Qb5 22. g3 Nd5 23. Nc4 Rb8 24. Rd3 h6 25. Nc3 Nxc3 26. Qxc3 Bf6 27. Qc2 Qc6 28. Ne3 Qb7 29. h3 Rc8 30. Nc4 Ra8 31. Rd1 Qf3 32. Qd3 Qc6 33. Qd7 Qxd7 34. Rxd7 Ra1+ 35. Kg2 Rb1 36. Rb7 Bd4 37. Kf3 Bc5 38. Ne5 f6 39. Nd3 Bd4 40. Ke4 e5 41. Kf5 Rd1 42. Kg6 Kf8 43. Nb4 Bxf2 44. Nc6 Ke8 45. Re7+ Kf8 46. Rxg7 Rd6 47. Rf7+ Ke8 48. Rxf6 Kd7 49. Nxe5+ Ke7 50. Rxd6 Kxd6 51. Nf7+ Ke6 52. g4 Be3 53. Nxh6 Kd5 54. Nf5 Bf4 55. h4 Ke5 56. h5 Ke6 57. h6 Be5 58. h7 Bh8 59. b4 1-0

[Event "Titled Tuesday intern Qual3 18th April"]
[Site "Chess.com INT"]
[Date "2017.04.18"]
[Round "7"]
[White "Dieyi, Roland"]
[Black "Biyiasas, Peter"]
[Result "0-1"]
[WhiteElo "2138"]
[BlackElo "2450"]
[PlyCount "66"]
[EventDate "2017.04.18"]
[EventType "swiss (blitz)"]
[EventRounds "10"]
[EventCountry "USA"]
[SourceTitle "EXT 2021"]
[Source "ChessBase"]
[SourceDate "2020.10.23"]
[SourceVersion "1"]
[SourceVersionDate "2020.10.23"]
[SourceQuality "1"]

1. d4 Nf6 2. Nf3 g6 3. c4 Bg7 4. Nc3 0-0 5. e4 d6 6. Be2 e5 7. d5 Na6 8. 0-0 c5 9. a3 Ne8 10. Rb1 f5 11. Ng5 Nf6 12. f3 Qe7 13. exf5 gxf5 14. f4 e4 15. Be3 h6 16. Nh3 Bd7 17. Kh1 Kh7 18. Rg1 Rg8 19. Nf2 Bh8 20. Qc2 Rg6 21. g4 fxg4 22. Ncxe4 Nxe4 23. Nxe4 Bf5 24. Bd3 Re8 25. Ng5+ hxg5 26. Bxf5 Reg8 27. Rbe1 Qf7 28. fxg5 Kg7 29. Ref1 Nc7 30. Bd2 Re8 31. Bc3+ Re5 32. Qe4 Rxg5 33. Bxe5+ dxe5 0-1